"A lélek Istennel való magányos beszélgetéseinek könyve"

Elmentve itt :
Bibliográfiai részletek
Szerző: Ágoston, Szent
Adatforrás:Philobibl
Dokumentumtípus: Könyv
Nyelv:magyar
Megjelent: Bp. Halász és Társa - Royal Press Kiadó 2001
Sorozat:Seneca könyvtár
LEADER 00462nam a2200145 c 4500
001 bibDOK00020178
005 20200924121432.6
008 060518s2001 hu hun
100 1 |a Ágoston, Szent 
245 1 3 |a "A lélek Istennel való magányos beszélgetéseinek könyve"  |c Ágoston, Szent 
260 |a Bp.  |b Halász és Társa - Royal Press Kiadó   |c 2001 
300 |a 104 p. p. 
490 1 |a Seneca könyvtár 
500 |a ford. Némethy Ernő 
830 0 |a Seneca könyvtár